000 00529nam a2200181Ia 4500
008 151202s9999||||xx |||||||||||||| ||und||
082 _bPNVM-54427
100 _aसामंत माया.
245 _aघरंदाज.
260 _b"योगेश्वरी प्रकाशन,पुणे."
260 _c1988
300 _a148
600 _aसामंत माया.
630 _aघरंदाज.
700 _aसामंत माया.
730 _aघरंदाज.
942 _cBOOK
999 _c1320966
_d1320963